000 00421nam a22001697a 4500
003 SGT
020 _a9789383989744
082 _a616.5
_bP23T
100 _aTHAPPA, D.M.
245 _aPUZZLING CASES IN PEDIATRIC DEMATOLOGY VOLUME 2
250 _a1ST
260 _aINDIA
_bTREE LIFE MEDIA PUB
_c2023
300 _a153
650 _aDERMATOLOGY
653 _aPUZZLING CASES IN PEDIATRIC DEMATOLOGY
942 _2ddc
_cBK
999 _c30573
_d30573